000 00549nam a22002057a 4500
005 20190810164126.0
008 190810b xxu||||| |||| 00| 0 eng d
020 _a8182060060
_cRs.300.00
040 _aLoreto College
041 _aEnglish
082 _a396
_bMAZ
100 _aMazumdar,Rinita
245 _aFeminine sexuality
_bDe-constructing the phallus
_cRinita Mazumdar
260 _aKolkata
_bTowards Freedom
_c2006
300 _aix,185p
_b22cm
650 _aGender studies
650 _aWomens' studies
850 _aLCLIB
942 _cBK
999 _c42344
_d92823